[Event "Peterborough 4NCL Easter U2000 op"]
[Site "Peterborough"]
[Date "2024.04.01"]
[Round "6"]
[White "Jackson, Gary"]
[Black "Wheeler, Tim"]
[Result "1-0"]
[WhiteElo "1864"]
[BlackElo "1813"]
[PlyCount "87"]
[EventDate "2024.03.29"]
[EventType "swiss"]
[EventRounds "7"]
[EventCountry "ENG"]
[SourceTitle "CB14_2024"]
[SourceDate "2024.04.01"]
[SourceVersion "1"]
[SourceVersionDate "2024.04.01"]
[SourceQuality "1"]

1. e4 c5 2. Nf3 Nc6 3. d4 cxd4 4. Nxd4 Nf6 5. Nc3 d6 6. f3 Qb6 7. Nb3 e5 8. Qe2 a6 9. Be3 Qc7 10. g4 Be6 11. g5 Nd7 12. 0-0-0 b5 13. Kb1 Nb6 14. Bxb6 Qxb6 15. Nd5 Bxd5 16. Rxd5 Ne7 17. Rd2 Ng6 18. h4 Nf4 19. Qd1 Be7 20. Nc1 Rc8 21. Ne2 Ne6 22. Bh3 Rc7 23. Rf1 0-0 24. Bg4 b4 25. f4 Qe3 26. fxe5 dxe5 27. Bxe6 fxe6 28. Rxf8+ Kxf8 29. Rd8+ Kf7 30. Qf1+ Kg6 31. Rd3 Qb6 32. h5+ Kxh5 33. Qf7+ Kh4 34. Qf3 Kxg5 35. Qg2+ Kh5 36. Qxg7 Bh4 37. Qxe5+ Kh6 38. Rh3 Qf2 39. Qxe6+ Kg5 40. Qe5+ Kh6 41. Rxh4+ Qxh4 42. Qxc7 Qe1+ 43. Nc1 Qxe4 44. Qd6+ 1-0

[Event "Leamington Spa 4NCL op-B 26th"]
[Site "Leamington Spa"]
[Date "2021.09.11"]
[Round "2"]
[White "Jackson, Gary"]
[Black "Graff, Ben"]
[Result "1-0"]
[WhiteElo "1923"]
[BlackElo "1844"]
[PlyCount "161"]
[EventDate "2021.09.10"]
[EventType "swiss"]
[EventRounds "5"]
[EventCountry "ENG"]
[SourceTitle "EXT 2023"]
[Source "ChessBase"]
[SourceDate "2022.10.05"]
[SourceVersion "1"]
[SourceVersionDate "2022.10.05"]
[SourceQuality "1"]

1. e4 e6 2. d4 d5 3. exd5 exd5 4. Bd3 Bd6 5. h3 Ne7 6. Nf3 Bf5 7. 0-0 Bxd3 8. Qxd3 c6 9. Re1 Nd7 10. Bg5 f6 11. Be3 Qc7 12. Nbd2 0-0 13. Nf1 Rac8 14. Nh4 c5 15. c3 cxd4 16. Bxd4 Ne5 17. Qd1 Bc5 18. Ne3 Qd7 19. Nc2 b6 20. Nf3 N7c6 21. Rc1 Rcd8 22. a3 Qf5 23. Nh4 Qd3 24. f4 Qg3 25. fxe5 Qxh4 26. exf6 Rxf6 27. b4 Bxd4+ 28. Nxd4 Qf2+ 29. Kh1 Nxd4 30. Qxd4 Qg3 31. Re7 Qg5 32. Rg1 Rf7 33. Re5 Rf5 34. Rge1 Rxe5 35. Rxe5 Qc1+ 36. Kh2 Qxa3 37. Rxd5 Rxd5 38. Qxd5+ Kf8 39. Qd8+ Kf7 40. Qc7+ Kf8 41. h4 Qa4 42. Kh3 b5 43. Kg4 Qa6 44. Qd8+ Kf7 45. Qd7+ Kf8 46. Qf5+ Kg8 47. h5 Qc6 48. g3 a6 49. Qe5 Qd7+ 50. Kf4 Qf7+ 51. Ke3 Qa7+ 52. Kd3 Qd7+ 53. Ke4 Qc8 54. Qd5+ Kf8 55. Qf5+ Qxf5+ 56. Kxf5 Ke7 57. Ke5 Kd7 58. Kd5 h6 59. Kc5 Kc7 60. g4 Kb7 61. Kd6 Kb6 62. Kd5 a5 63. bxa5+ Kxa5 64. Ke6 Ka4 65. Kf7 Kb3 66. Kxg7 Kxc3 67. Kxh6 b4 68. g5 b3 69. g6 b2 70. g7 b1Q 71. g8Q Qb6+ 72. Qg6 Qe3+ 73. Kh7 Kc4 74. h6 Kc5 75. Kh8 Qe7 76. Qg7 Qd6 77. h7 Kc6 78. Qf7 Qg3 79. Qf6+ Kd5 80. Qd8+ Ke6 81. Qg8+ 1-0

[Event "BCF-chT4S 1819 (4NCL)"]
[Site "England"]
[Date "2019.05.06"]
[Round "11.132"]
[White "Jackson, Gary"]
[Black "Stoica, Savas Marin"]
[Result "0-1"]
[WhiteElo "1795"]
[BlackElo "1637"]
[PlyCount "54"]
[EventDate "2018.11.17"]
[EventType "team-swiss"]
[EventRounds "11"]
[EventCountry "ENG"]
[SourceTitle "EXT 2021"]
[Source "ChessBase"]
[SourceDate "2020.10.23"]
[SourceVersion "1"]
[SourceVersionDate "2020.10.23"]
[SourceQuality "1"]
[WhiteTeam "Banbury Bulldogs"]
[BlackTeam "Barnet Knights II"]
[WhiteTeamCountry "ENG"]
[BlackTeamCountry "ENG"]

1. e4 c5 2. Nf3 d6 3. d4 cxd4 4. Nxd4 Nf6 5. Nc3 a6 6. f3 e5 7. Nb3 Be6 8. Be3 Be7 9. Qd2 Nbd7 10. g4 b5 11. h4 b4 12. Ne2 Rc8 13. g5 Nh5 14. 0-0-0 a5 15. Kb1 a4 16. Nbc1 Nb6 17. Ng1 b3 18. cxb3 axb3 19. Bb5+ Kf8 20. a3 d5 21. exd5 Bf5+ 22. Ka1 Nxd5 23. Bf2 Rc2 24. Qe1 Bxa3 25. Nd3 Bxb2+ 26. Nxb2 Qa8+ 27. Ba4 Qxa4+ 0-1

[Event "West Bromwich Midland op-B"]
[Site "West Bromwich"]
[Date "2017.08.13"]
[Round "5"]
[White "Jackson, Gary"]
[Black "Paul, Nathanael"]
[Result "0-1"]
[WhiteElo "1816"]
[BlackElo "1871"]
[PlyCount "156"]
[EventDate "2017.08.11"]
[EventType "swiss"]
[EventRounds "5"]
[EventCountry "ENG"]
[SourceTitle "CBM 180 Extra"]
[Source "ChessBase"]
[SourceDate "2017.10.06"]
[SourceVersion "1"]
[SourceVersionDate "2017.10.06"]
[SourceQuality "1"]

1. e4 c6 2. d4 d5 3. Nd2 dxe4 4. Nxe4 Bf5 5. Ng3 Bg6 6. Nf3 Nd7 7. Bc4 e6 8. 0-0 Ngf6 9. Re1 Be7 10. Bb3 0-0 11. Nh4 Rc8 12. Nxg6 hxg6 13. c4 c5 14. Be3 cxd4 15. Bxd4 Bc5 16. a3 Qb6 17. Ne2 e5 18. Bxc5 Nxc5 19. Nc1 Rfd8 20. Qc2 e4 21. Ba2 Nd3 22. Nxd3 exd3 23. Qd2 Qd4 24. Red1 Rc7 25. Qc3 Qf4 26. Rxd3 Rxd3 27. Qxd3 Rd7 28. Qe3 Qxe3 29. fxe3 Ng4 30. b4 Nxe3 31. Bb3 Rd3 32. Rb1 Rd2 33. g3 Rg2+ 34. Kh1 Re2 35. h3 Nf5 36. g4 Nd4 37. Bd1 Ra2 38. a4 Ra3 39. Kg2 g5 40. Rb2 Ne6 41. Rd2 Nf4+ 42. Kf1 Rxh3 43. Rd8+ Kh7 44. Rd7 Kh6 45. c5 Rd3 46. Rxd3 Nxd3 47. Bf3 Nxb4 48. Bxb7 Kg6 49. Be4+ Kf6 50. Ke2 Ke5 51. Bf3 Nd5 52. Kd3 Nc7 53. Kc4 g6 54. c6 f5 55. Kc5 Ne6+ 56. Kb5 Kd6 57. Ka6 Kc7 58. Kxa7 Nd4 59. Bg2 f4 60. Ka6 f3 61. Bh3 Kxc6 62. Ka7 Nb3 63. Kb8 Nd2 64. a5 Kb5 65. a6 Kxa6 66. Kc7 f2 67. Kd7 f1Q 68. Bxf1+ Nxf1 69. Ke6 Nh2 70. Kf6 Nf3 71. Kxg6 Kb6 72. Kf5 Kc5 73. Ke4 Nh4 74. Ke5 Kc4 75. Ke4 Kc3 76. Ke3 Kc2 77. Ke2 Kc1 78. Ke1 Nf3+ 0-1

[Event "Crawley e2e4 Gatwick op U1950"]
[Site "Crawley"]
[Date "2016.02.21"]
[Round "4"]
[White "Jackson, Gary"]
[Black "Brown, Terry"]
[Result "1-0"]
[WhiteElo "1834"]
[BlackElo "1557"]
[PlyCount "69"]
[EventDate "2016.02.19"]
[EventType "swiss"]
[EventRounds "5"]
[EventCountry "ENG"]
[SourceTitle "EXT 2019"]
[Source "ChessBase"]
[SourceDate "2018.10.10"]
[SourceVersion "1"]
[SourceVersionDate "2018.10.10"]
[SourceQuality "1"]

1. e4 c5 2. Nf3 Nc6 3. d4 cxd4 4. Nxd4 Nf6 5. f3 e5 6. Nb5 d6 7. Bg5 a6 8. N5c3 Be6 9. Nd2 b5 10. Nb3 Be7 11. Qd2 0-0 12. 0-0-0 Rc8 13. Kb1 Bxb3 14. cxb3 Nd4 15. Be3 Ne6 16. g4 Rc6 17. h4 Qb8 18. h5 Rd8 19. g5 Ne8 20. Nd5 Bf8 21. Bh3 N6c7 22. Nb4 Rb6 23. Bxb6 Qxb6 24. g6 fxg6 25. Nd5 Nxd5 26. Qxd5+ Kh8 27. hxg6 Nf6 28. Qf7 h6 29. Be6 Qe3 30. Rh3 Qg5 31. Rdh1 Ra8 32. Rh5 Qe3 33. Rf5 Qa7 34. Rxf6 Qxf7 35. Rxf7 1-0

[Event "BCF-chT3 1415 (4NCL)"]
[Site "England"]
[Date "2015.05.04"]
[Round "11.39"]
[White "Jackson, Gary"]
[Black "Ogunshola, Ben"]
[Result "0-1"]
[WhiteElo "1849"]
[BlackElo "2153"]
[PlyCount "86"]
[EventDate "2015.03.21"]
[EventType "team-swiss"]
[EventRounds "11"]
[EventCountry "ENG"]
[SourceTitle "EXT 2016"]
[Source "ChessBase"]
[SourceDate "2015.10.08"]
[SourceVersion "1"]
[SourceVersionDate "2015.10.08"]
[SourceQuality "1"]
[WhiteTeam "Banbury Bulldogs"]
[BlackTeam "The Pitstop"]
[WhiteTeamCountry "ENG"]
[BlackTeamCountry "ENG"]

1. e4 c5 2. Nf3 d6 3. d4 cxd4 4. Nxd4 Nf6 5. Nc3 e6 6. Be3 Be7 7. f3 a6 8. Qd2 b5 9. g4 Bb7 10. h4 Nc6 11. h5 Qc7 12. g5 Nd7 13. 0-0-0 Nxd4 14. Bxd4 0-0-0 15. Bh3 Ne5 16. Qe3 Kb8 17. Bb6 Qc6 18. Bxd8 Rxd8 19. Bf1 Rc8 20. Rd2 b4 21. Nd1 Bxg5 22. Qxg5 Nxf3 23. Qf4 Nxd2 24. Qxd2 Qxe4 25. Qxd6+ Ka7 26. Rh2 e5 27. Qd2 g6 28. Bg2 Qc4 29. b3 Qc5 30. Bxb7 Kxb7 31. Qf2 f5 32. Qxc5 Rxc5 33. Ne3 e4 34. Nc4 g5 35. Rd2 Kc7 36. Rd4 h6 37. Kd1 Rc6 38. Ke2 Re6 39. Ne3 f4 40. Ng4 e3 41. Nh2 a5 42. Nf1 f3+ 43. Ke1 e2 0-1

[Event "BCF-chT3 1415 (4NCL)"]
[Site "England"]
[Date "2015.05.03"]
[Round "10.19"]
[White "Cresswell, Mike J"]
[Black "Jackson, Gary"]
[Result "1-0"]
[WhiteElo "1760"]
[BlackElo "1849"]
[PlyCount "47"]
[EventDate "2015.03.21"]
[EventType "team-swiss"]
[EventRounds "11"]
[EventCountry "ENG"]
[SourceTitle "EXT 2016"]
[Source "ChessBase"]
[SourceDate "2015.10.08"]
[SourceVersion "1"]
[SourceVersionDate "2015.10.08"]
[SourceQuality "1"]
[WhiteTeam "BCM Hippos III"]
[BlackTeam "Banbury Bulldogs"]
[WhiteTeamCountry "ENG"]
[BlackTeamCountry "ENG"]

1. e4 c5 2. Nf3 d6 3. d4 cxd4 4. Nxd4 Nf6 5. Nc3 g6 6. f3 Bg7 7. Be3 Nc6 8. Qd2 0-0 9. 0-0-0 d5 10. Nxc6 bxc6 11. Bh6 Bxh6 12. Qxh6 d4 13. e5 Ne8 14. Ne4 f6 15. h4 Ng7 16. g4 Qd5 17. exf6 exf6 18. b3 Qe5 19. Bd3 Ne6 20. g5 Qf4+ 21. Kb1 f5 22. h5 fxe4 23. hxg6 Nxg5 24. Bc4+ 1-0

[Event "Birmingham 4NCL op-B 1st"]
[Site "Birmingham"]
[Date "2015.02.01"]
[Round "4"]
[White "Jackson, Gary"]
[Black "Burrows, Nick"]
[Result "1/2-1/2"]
[WhiteElo "1850"]
[BlackElo "1817"]
[PlyCount "169"]
[EventDate "2015.01.30"]
[EventType "swiss"]
[EventRounds "5"]
[EventCountry "ENG"]
[SourceTitle "EXT 2023"]
[Source "ChessBase"]
[SourceDate "2022.10.05"]
[SourceVersion "1"]
[SourceVersionDate "2022.10.05"]
[SourceQuality "1"]

1. e4 d5 2. exd5 Qxd5 3. Nf3 Nf6 4. d4 Bg4 5. Be2 e6 6. 0-0 Be7 7. c4 Qd8 8. Nc3 0-0 9. Be3 c6 10. a3 Nbd7 11. b4 Qc7 12. Qc1 e5 13. Re1 exd4 14. Nxd4 Bxe2 15. Rxe2 Ng4 16. Bf4 Bd6 17. Bxd6 Qxd6 18. Nf3 Rfe8 19. Qd2 Qxd2 20. Rxd2 Nde5 21. Nxe5 Nxe5 22. c5 Rad8 23. Rxd8 Rxd8 24. Rd1 Rxd1+ 25. Nxd1 Nc4 26. a4 a5 27. b5 cxb5 28. axb5 Kf8 29. Nc3 Ke7 30. Kf1 Nd2+ 31. Ke1 Nb3 32. Na4 Ke6 33. Ke2 Kd5 34. c6 bxc6 35. b6 Nd4+ 36. Kd3 c5 37. b7 Nc6 38. Nc3+ Kd6 39. Ne4+ Kd5 40. Nc3+ Kd6 41. Nb5+ Kd7 42. Kc4 a4 43. Kxc5 a3 44. Nxa3 Kc7 45. Nb5+ Kxb7 46. Nd6+ Kc7 47. Nxf7 Kd7 48. Kd5 Nb4+ 49. Ke4 Nc6 50. f4 Ke7 51. Ne5 Na5 52. Kd5 Kf6 53. g4 Nb3 54. h4 h6 55. h5 Nd2 56. Nd7+ Kf7 57. Ke5 Nf3+ 58. Kf5 Nd4+ 59. Ke4 Ne6 60. Ne5+ Kf6 61. Nf3 Nc5+ 62. Kd5 Ne6 63. Ke4 Nc5+ 64. Kd4 Ne6+ 65. Ke3 Nc5 66. Nh4 Ne6 67. Kf3 Nd4+ 68. Kf2 Ne6 69. Kg3 Nd4 70. Ng2 Ne6 71. Kh4 Nd4 72. Ne3 Nf3+ 73. Kg3 Nd4 74. Nd5+ Kf7 75. g5 hxg5 76. fxg5 Ne6 77. Kg4 Nd4 78. g6+ Kf8 79. Nf4 Nc6 80. Ne6+ Kg8 81. Kg5 Ne5 82. Nxg7 Kxg7 83. h6+ Kg8 84. Kf6 Nxg6 85. Kxg6 1/2-1/2

[Event "BCF-chT3S 1415 (4NCL)"]
[Site "England"]
[Date "2015.01.10"]
[Round "3.156"]
[White "Smith, Patrick L"]
[Black "Jackson, Gary"]
[Result "0-1"]
[WhiteElo "1841"]
[BlackElo "1850"]
[PlyCount "75"]
[EventDate "2014.11.15"]
[EventType "team-swiss"]
[EventRounds "6"]
[EventCountry "ENG"]
[SourceTitle "EXT 2016"]
[Source "ChessBase"]
[SourceDate "2015.10.08"]
[SourceVersion "1"]
[SourceVersionDate "2015.10.08"]
[SourceQuality "1"]
[WhiteTeam "KJCA Knights"]
[BlackTeam "Banbury Bulldogs"]
[WhiteTeamCountry "ENG"]
[BlackTeamCountry "ENG"]

1. e4 c5 2. Nf3 d6 3. Bb5+ Nc6 4. Bxc6+ bxc6 5. h3 Nf6 6. e5 Nd5 7. c4 Nb4 8. d4 Bf5 9. Na3 Nd3+ 10. Kf1 Nxc1 11. Rxc1 Qb6 12. b3 Qa5 13. Nc2 Qxa2 14. Ne3 Bg6 15. exd6 exd6 16. dxc5 dxc5 17. Ne5 Rd8 18. Qf3 Rd6 19. N3g4 h5 20. Nxg6 Rxg6 21. Ne5 Rf6 22. Qe3 Re6 23. Qf4 Rf6 24. Qe3 Be7 25. Nf3 Re6 26. Qd3 0-0 27. Qc2 Qa5 28. g3 Re8 29. Kg2 Bf6 30. Rhd1 Re2 31. Qf5 h4 32. g4 Qc7 33. g5 Qg3+ 34. Kh1 Qxf2 35. Qg4 Bd4 36. Rf1 Qg3 37. Qxg3 hxg3 38. Rcd1 0-1

[Event "High Wycombe e2e4 Challengers op 03"]
[Site "High Wycombe"]
[Date "2014.03.16"]
[Round "5"]
[White "Jackson, Gary"]
[Black "Burrows, Nick"]
[Result "1-0"]
[WhiteElo "1841"]
[BlackElo "1874"]
[PlyCount "69"]
[EventDate "2014.03.14"]
[EventType "swiss"]
[EventRounds "5"]
[EventCountry "ENG"]
[SourceTitle "EXT 2015"]
[Source "ChessBase"]
[SourceDate "2014.11.20"]
[SourceVersion "1"]
[SourceVersionDate "2014.11.20"]
[SourceQuality "1"]

1. e4 c6 2. d4 d5 3. Nc3 dxe4 4. Nxe4 Bf5 5. Ng3 Bg6 6. Nf3 Nd7 7. Bf4 e6 8. Bd3 Ngf6 9. 0-0 Be7 10. Bxg6 hxg6 11. c4 0-0 12. a3 b5 13. b3 a5 14. Qc2 Qb6 15. Rfd1 Rfd8 16. Qe2 Bf8 17. Bg5 Re8 18. Ne5 c5 19. cxb5 cxd4 20. a4 Nc5 21. Qf3 Ra7 22. Nc6 Rd7 23. Nxd4 e5 24. Nc6 e4 25. Qe2 Nxb3 26. Rxd7 Nxd7 27. Rd1 Nf6 28. Qc4 Bc5 29. Qxb3 Bxf2+ 30. Kh1 Ng4 31. Ne7+ Kf8 32. Nxe4 Bc5 33. Rf1 Bf2 34. Qf3 f5 35. Nxf2 1-0

[Event "High Wycombe e2e4 Challengers op 03"]
[Site "High Wycombe"]
[Date "2014.03.15"]
[Round "2"]
[White "Finn, Peter"]
[Black "Jackson, Gary"]
[Result "0-1"]
[WhiteElo "1717"]
[BlackElo "1841"]
[PlyCount "96"]
[EventDate "2014.03.14"]
[EventType "swiss"]
[EventRounds "5"]
[EventCountry "ENG"]
[SourceTitle "EXT 2015"]
[Source "ChessBase"]
[SourceDate "2014.11.20"]
[SourceVersion "1"]
[SourceVersionDate "2014.11.20"]
[SourceQuality "1"]

1. e4 c5 2. Nf3 d6 3. d4 cxd4 4. Nxd4 Nf6 5. Nc3 g6 6. f3 Bg7 7. Be3 Nc6 8. Qd2 0-0 9. g4 Bd7 10. 0-0-0 Rc8 11. h4 h5 12. gxh5 Nxh5 13. f4 Qa5 14. Kb1 Nxd4 15. Bxd4 Bxd4 16. Qxd4 Nxf4 17. e5 Bc6 18. Qxf4 Bxh1 19. Bd3 dxe5 20. Qg5 Qb6 21. h5 Qf6 22. Qxf6 exf6 23. Rxh1 f5 24. Nd5 Kg7 25. Rg1 e4 26. Be2 Rc5 27. c4 a5 28. a3 Re8 29. b4 axb4 30. axb4 Rc6 31. c5 Re5 32. Nf4 Kh6 33. Bc4 g5 34. Nh3 f6 35. Rd1 e3 36. Kc2 f4 37. Be2 Rce6 38. Bf3 Re7 39. Ng1 f5 40. Rd6+ Kh7 41. Rb6 g4 42. Bxb7 e2 43. Nxe2 Rxe2+ 44. Kd3 f3 45. Bd5 f2 46. Bg2 Re1 47. c6 R1e6 48. c7 Rd7+ 0-1

[Event "BCF-chT3 1011 (4NCL)"]
[Site "England"]
[Date "2011.02.19"]
[Round "5.44"]
[White "Jackson, Gary"]
[Black "Hewitt, Sean"]
[Result "0-1"]
[WhiteElo "1874"]
[BlackElo "1923"]
[PlyCount "82"]
[EventDate "2010.11.06"]
[EventType "team-swiss"]
[EventRounds "9"]
[EventCountry "ENG"]
[SourceTitle "EXT 2012"]
[Source "ChessBase"]
[SourceDate "2011.11.24"]
[SourceVersion "1"]
[SourceVersionDate "2011.11.24"]
[SourceQuality "1"]
[WhiteTeam "Banbury Bulldogs"]
[BlackTeam "e2e4.org.uk III"]
[WhiteTeamCountry "ENG"]
[BlackTeamCountry "ENG"]

1. e4 e5 2. Nf3 Nc6 3. Bb5 a6 4. Ba4 Nf6 5. d4 exd4 6. 0-0 Be7 7. e5 Ne4 8. Nxd4 Nc5 9. Nf5 Rg8 10. Nc3 Nxa4 11. Nxa4 d5 12. exd6 Bxf5 13. dxe7 Qxd1 14. Rxd1 Bxc2 15. Rd2 Bxa4 16. b3 Bxb3 17. axb3 Nxe7 18. Re2 0-0-0 19. Bg5 f6 20. Be3 Nf5 21. Bc5 Rd5 22. Rc1 Rgd8 23. Ree1 Kb8 24. f3 b6 25. Bf2 R8d7 26. b4 Kb7 27. Kf1 Rd2 28. Rc4 Nd6 29. Rh4 g6 30. Rf4 f5 31. Be3 Rd5 32. Rh4 Nb5 33. Rc4 Rd1 34. Rxd1 Rxd1+ 35. Ke2 Rd7 36. g3 Nd6 37. Rc2 b5 38. Rd2 Kc6 39. Rb2 Kb7 40. Rd2 Re7 41. Kf2 Rxe3 0-1

[Event "BCF-chT3 0910 (4NCL)"]
[Site "England"]
[Date "2010.05.03"]
[Round "11.6"]
[White "Szymanski, Mark"]
[Black "Jackson, Gary"]
[Result "0-1"]
[WhiteElo "1890"]
[BlackElo "2034"]
[PlyCount "146"]
[EventDate "2009.10.24"]
[EventType "team-tourn"]
[EventRounds "11"]
[EventCountry "ENG"]
[SourceTitle "EXT 2011"]
[Source "ChessBase"]
[SourceDate "2010.11.26"]
[SourceVersion "1"]
[SourceVersionDate "2010.11.26"]
[SourceQuality "1"]
[WhiteTeam "Iceni"]
[BlackTeam "Oxford II"]
[WhiteTeamCountry "ENG"]
[BlackTeamCountry "ENG"]

1. d4 d5 2. Nf3 c6 3. e3 Bf5 4. c4 Nf6 5. Nc3 e6 6. Nh4 Bg6 7. Nxg6 hxg6 8. Qb3 Qc7 9. g3 a6 10. Bg2 Nbd7 11. Bd2 Qb6 12. Na4 Qxb3 13. axb3 b5 14. Nc3 b4 15. Na2 Rb8 16. Nc1 Ra8 17. Nd3 c5 18. Ra5 Bd6 19. dxc5 Bc7 20. Ra4 0-0 21. 0-0 a5 22. Rfa1 Rac8 23. cxd5 Nxd5 24. Bxd5 exd5 25. Rc1 Nf6 26. f3 Rfd8 27. Kf2 g5 28. g4 Nh7 29. h3 Nf8 30. Ke2 Ne6 31. Be1 Re8 32. Bf2 Nd4+ 33. Kd1 Nxb3 34. Rc2 Re6 35. Re2 Bd8 36. e4 d4 37. Rc2 Rh6 38. Rc4 Rxh3 39. Ke2 Rh2 40. Kd1 Be7 41. c6 Rh3 42. Ke2 Bd8 43. Bxd4 Nxd4+ 44. Rxd4 Bb6 45. Rc4 Rh2+ 46. Ke1 Bc7 47. b3 Rd8 48. Nf2 Bg3 49. Ra2 Rh1+ 50. Ke2 Bxf2 51. c7 Rc8 52. Rd2 Bb6 53. Rd8+ Rxd8 54. cxd8Q+ Bxd8 55. Rc8 Rb1 56. Rxd8+ Kh7 57. Ra8 Rb2+ 58. Ke1 Rxb3 59. Rxa5 Rxf3 60. Ke2 Rf4 61. Rxg5 Rxe4+ 62. Kf3 Rc4 63. Rb5 f6 64. Kg3 g5 65. Kf3 Rc3+ 66. Ke4 Rg3 67. Kf5 Rf3+ 68. Ke6 Kg6 69. Rxb4 Rf4 70. Rb8 Re4+ 71. Kd5 Rxg4 72. Ke6 Re4+ 73. Kd5 Re1 0-1